书目信息 |
| 题名: |
日本新保守主义
|
|
| 作者: | 浅井基文 著 ;刘建平 译 | |
| 分册: | ||
| 出版信息: | 北京 新华出版社 1999.1 |
|
| 页数: | 239页 | |
| 开本: | 32开 | |
| 丛书名: | 国际问题参考译丛 | |
| 单 册: | ||
| 中图分类: | D731.30 | |
| 科图分类: | ||
| 主题词: | 新保守主义--日本 | |
| 电子资源: | ||
| ISBN: | 7-5011-4306-4 | |
| 000 | 00690nam0 2200229 45 | |
| 001 | 0110060832 | |
| 005 | 20060724111827.82 | |
| 010 | @a7-5011-4306-4@dCNY14.00 | |
| 100 | @a20011006d1999 km y0chiy0120 ea | |
| 101 | 0 | @achi@cjpn |
| 105 | @a z 000yy | |
| 200 | 1 | @a日本新保守主义@ARi Ben Xin Bao Shou Zhu Yi@f(日)浅井基文著@F(Ri)Qian Jing Ji Wen Zhu@g刘建平译 |
| 210 | @a北京@c新华出版社@d1999.1 | |
| 215 | @a239页@d32开 | |
| 225 | @a国际问题参考译丛 | |
| 410 | @12001 @a国际问题参考译丛 | |
| 606 | 0 | @a新保守主义@y日本 |
| 690 | @aD731.30@v4 | |
| 701 | @a浅井基文@4著 | |
| 702 | 0 | @a刘建平@ALiu Jian Ping@4译 |
| 801 | @aCN@bTSTC@c20060724 | |
| 905 | @f4@b299071-074@dD731.30@e248 | |
| 日本新保守主义/(日)浅井基文著/刘建平译.-北京:新华出版社,1999.1 |
| 239页;32开.-(国际问题参考译丛) |
| ISBN 7-5011-4306-4:CNY14.00 |
| ● |
| 相关链接 |
|
|
|
|
正题名:日本新保守主义
索取号:D731.30/248
 
预约/预借
| 序号 | 登录号 | 条形码 | 馆藏地/架位号 | 状态 | 备注 |
| 1 | 0299071 | 202990718 | 第一借阅区/ [索取号:D731.30/248] | 在馆 | |
| 2 | 0299072 | 202990727 | 第一借阅区/ [索取号:D731.30/248] | 在馆 | |
| 3 | 0299073 | 202990736 | 第一借阅区/ [索取号:D731.30/248] | 在馆 | |
| 4 | 0299074 | 202990745 | 第一样本阅览室/ [索取号:D731.30/248] | 在馆 |